| 000 | 01039nam a22002897a 4500 | ||
|---|---|---|---|
| 999 |
_c12729 _d12729 |
||
| 003 | EG-ScBUE | ||
| 005 | 20210214124337.0 | ||
| 008 | 090728s2001 ua f 000 p ara d | ||
| 017 | _a2002/5340 | ||
| 040 |
_aEG-ScBUE _bara _erda _cEG-ScBUE _dEG-ScBUE |
||
| 082 | 0 | 4 |
_a892.716 _bص ا ب _222 |
| 100 | 1 |
_aصابر، عادل، _eمؤلف. |
|
| 245 | 1 | 0 |
_aموال الليل والصبر : _bمن فن الواو / _cعادل صابر. |
| 246 | 3 | 4 |
_aموال الليل والصبر : _bمن فن الواو : شعر |
| 250 | _aالطبعة الأولى. | ||
| 264 | 1 |
_aالقاهرة : _bالهيئة المصرية لقصور الثقافة، _c2001. |
|
| 300 |
_a118 صفحة ؛ _c18 سم. |
||
| 336 |
_2rdacontent _aنص _btxt |
||
| 337 |
_2rdamedia _aبدون وسيط _bn |
||
| 338 |
_2rdacarrier _aمجلد _bnc |
||
| 490 | 0 |
_aإبداعات _v144 |
|
| 650 |
_97995 _aالشعر العربى _zمصر _yقرن 20. _2BUEsh |
||
| 651 | _2BUEsh | ||
| 653 |
_bARALIT _cFebruary2021 |
||
| 655 |
_vReading book _934232 |
||
| 942 |
_2ddc _cBB |
||